000 01623cam a2200157 4500500
005 20260405085545.0
041 _afre
042 _adc
100 1 0 _aGiraud, Baptiste
_eauthor
700 1 0 _aYon, Karel
_eauthor
700 1 0 _aBéroud, Sophie
_eauthor
245 0 0 _aSociologie politique du syndicalisme : Introduction à l'analyse sociologique des syndicats
260 _bArmand Colin,
_c2018.
520 _aComment expliquer le morcellement du syndicalisme français ? Pourquoi si peu de salariés adhèrent aux syndicats ?Tous les syndicalistes sont-ils des professionnels du dialogue social coupés de leur base ? Pour répondre à ces questions classiques dans les controverses politico-médiatiques, ce manuel propose une synthèse des travaux récents conduits dans les champs de la sociologie et de la science politique autour de l’analyse des organisations syndicales, de leurs adhérents et de leurs pratiques. Il fait le pari que les outils de la sociologie politique permettent une analyse plus fine du phénomène syndical. En abordant des questions telles que les dynamiques de l’engagement militant, les ambivalences du processus d’institutionnalisation ou bien encore les modalités du travail de représentation, cet ouvrage développe des questions qui intéresseront tous les étudiants en sociologie et science politique mais aussi toutes celles et ceux désireux de dépasser les schématismes et de comprendre les spécificités du syndicalisme en France.
856 4 1 _uhttps://shs.cairn.info/sociologie-politique-du-syndicalisme--9782200615154?lang=fr&redirect-ssocas=7080
999 _c2198508
_d2198508